000 00833cam a2200217 a 4500
001 000004370
005 20200929151431.0
008 840504u1900uuuusp 001 0 spa
040 _aDO-SdBNP
_bspa
_cBNPHU
082 _a822.33
_bS527ó
100 1 _aShakespeare, W.,
_q(Stratford-upon-Avon)
_d1564-1616.
_912872
245 1 0 _aObras completas /
_cW. Shakespeare ; prólogo, Víctor Hugo ; traducción, R. Martínez Lafuente.
260 _aValencia, España :
_bPrometeo,
_c[1900?].
300 _av. ;
_c20 cm.
490 1 _aLibros Célebres Españoles Extranjeros
650 4 _aTeatro inglés
_xHistoria
_ySIGLO XVI
_912873
650 4 _aLiteratura inglesa
_9498
700 1 _aHugo, Víctor,
_epról.
_912874
700 1 _aMartínez Lafuente, R.,
_etr.
_d1866-1954,
_etr.
_912875
830 0 _aLibros Célebres Españoles Extranjeros.
_912876
999 _c4179
_d4179